| 000 | 00764cam a2200301 4500500 | ||
|---|---|---|---|
| 005 | 20260329001231.0 | ||
| 041 | _afre | ||
| 042 | _adc | ||
| 100 | 1 | 0 |
_aMoreau, Anne-Sophie _eauthor |
| 245 | 0 | 0 | _aBonheur, éthique, autonomie |
| 260 | _c2022. | ||
| 500 | _a58 | ||
| 690 | _aBonheur | ||
| 690 | _aEmpowerment | ||
| 690 | _aEntreprise | ||
| 690 | _aEnvironnement | ||
| 690 | _aÉthique | ||
| 690 | _aMotivation | ||
| 690 | _aPolitique | ||
| 690 | _aRéputation | ||
| 690 | _aResponsabilité | ||
| 690 | _aRSE | ||
| 690 | _aSens | ||
| 690 | _aTravail | ||
| 690 | _aValeurs | ||
| 786 | 0 | _nPhilonomist | - | 1 | 2022-11-15 | p. 9-10 | |
| 856 | 4 | 1 | _uhttps://shs.cairn.info/magazine-philonomist-2022-1-page-9?lang=fr&redirect-ssocas=7080 |
| 999 |
_c1803321 _d1803321 |
||